[Event "GER-ch Net Amateur Gr-A Vor1"]
[Site "Playchess.com INT"]
[Date "2020.04.14"]
[Round "2"]
[White "Haertel, Stephan"]
[Black "Hartmann, Martin"]
[Result "0-1"]
[WhiteElo "1701"]
[BlackElo "2026"]
[PlyCount "102"]
[EventDate "2020.04.14"]
[EventType "swiss (blitz)"]
[EventRounds "9"]
[EventCountry "GER"]
[SourceTitle "EXT 2021"]
[Source "ChessBase"]
[SourceDate "2020.10.23"]
[SourceVersion "1"]
[SourceVersionDate "2020.10.23"]
[SourceQuality "1"]

1. e4 e5 2. Nf3 Nc6 3. d4 exd4 4. Nxd4 Bc5 5. Be3 Qf6 6. Nb5 Bxe3 7. fxe3 Qh4+ 8. g3 Qd8 9. N1c3 a6 10. Nd4 Nf6 11. Bg2 0-0 12. 0-0 Ne5 13. Qe2 d6 14. Nf5 Be6 15. b3 g6 16. Nd4 Kg7 17. h3 Qd7 18. Nxe6+ Qxe6 19. Kh2 Ned7 20. Qf3 c6 21. Rad1 Rae8 22. Qf4 Ne5 23. Rd2 Rd8 24. Rdf2 Nh5 25. Qh4 Nd7 26. Bf3 Nhf6 27. Be2 Rde8 28. Bd3 Ng8 29. Ne2 Qe7 30. Qf4 Nc5 31. Nd4 Nxe4 32. Bxe4 Qxe4 33. Qxd6 Qxe3 34. Rf3 Qe5 35. Qxe5+ Rxe5 36. c3 Ne7 37. Kg2 Nd5 38. Nc2 f5 39. R1f2 Rfe8 40. h4 Re2 41. Kh3 Rxf2 42. Rxf2 Nxc3 43. Nd4 Re4 44. Nf3 Nd5 45. Ng5 Re3 46. Kg2 h6 47. Nf3 Kf6 48. Nd4 Rd3 49. Nf3 Ne3+ 50. Kh3 Ng4 51. Rf1 Re3 0-1

[Event "GER-ch Net blitz qual3"]
[Site "Playchess.com INT"]
[Date "2020.03.21"]
[Round "4"]
[White "Haertel, Stephan"]
[Black "Menke, Burghard"]
[Result "0-1"]
[WhiteElo "1979"]
[BlackElo "1488"]
[PlyCount "50"]
[EventDate "2020.03.21"]
[EventType "swiss (blitz)"]
[EventRounds "9"]
[EventCountry "GER"]
[SourceTitle "CBM 195 Extra"]
[Source "ChessBase"]
[SourceDate "2020.05.31"]
[SourceVersion "1"]
[SourceVersionDate "2020.05.31"]
[SourceQuality "1"]

1. e4 d5 2. exd5 e6 3. dxe6 Bxe6 4. d4 Nf6 5. Nf3 c6 6. Bd3 Bd6 7. 0-0 Nbd7 8. Bg5 Qc7 9. h3 0-0-0 10. c4 h6 11. Be3 g5 12. c5 Bf4 13. Qd2 Nd5 14. Nc3 N7f6 15. Rad1 g4 16. hxg4 Nxg4 17. Be2 Ngxe3 18. fxe3 Nxe3 19. Qd3 Rhg8 20. Rf2 Bf5 21. Ne4 Nxd1 22. Bxd1 Bxe4 23. Qxe4 Rde8 24. Qf5+ Kb8 25. Bb3 Be3 0-1

[Event "GER-ch Net blitz qual1"]
[Site "Playchess.com INT"]
[Date "2020.03.07"]
[Round "7"]
[White "Haertel, Stephan"]
[Black "Pick, Stefan"]
[Result "1-0"]
[WhiteElo "1979"]
[BlackElo "2029"]
[PlyCount "57"]
[EventDate "2020.03.07"]
[EventType "swiss (blitz)"]
[EventRounds "9"]
[EventCountry "GER"]
[SourceTitle "CBM 195 Extra"]
[Source "ChessBase"]
[SourceDate "2020.05.31"]
[SourceVersion "1"]
[SourceVersionDate "2020.05.31"]
[SourceQuality "1"]

1. e4 e6 2. d4 d5 3. Nd2 dxe4 4. Nxe4 Be7 5. Nf3 Nf6 6. Nxf6+ Bxf6 7. Bd3 Nc6 8. c3 Bd7 9. 0-0 0-0 10. Bf4 Re8 11. Re1 h6 12. Qd2 Ne7 13. Bc2 Nd5 14. Be5 Bxe5 15. Nxe5 Nf6 16. Qd3 Bc6 17. Nxc6 bxc6 18. Rad1 Qd5 19. b3 Qa5 20. Bb1 Qh5 21. f3 Qd5 22. c4 Qd6 23. Qe3 c5 24. dxc5 Qc6 25. b4 Qa4 26. Qc3 Rad8 27. Rxd8 Rxd8 28. Qb3 Qxb4 29. Qxb4 1-0

[Event "Mittelrhein Verbandsliga-W 18/19"]
[Site "Nordrheinwestfalen"]
[Date "2019.05.19"]
[Round "11.2"]
[White "Kleinen, Sandro"]
[Black "Haertel, Stephan"]
[Result "1/2-1/2"]
[WhiteElo "2022"]
[BlackElo "1892"]
[PlyCount "66"]
[EventDate "2018.09.02"]
[EventType "team-tourn"]
[EventRounds "11"]
[EventCountry "GER"]
[SourceTitle "EXT 2022"]
[Source "ChessBase"]
[SourceDate "2021.10.06"]
[SourceVersion "1"]
[SourceVersionDate "2021.10.06"]
[SourceQuality "1"]
[WhiteTeam "Uebach Palenberg"]
[BlackTeam "Bergheim"]
[WhiteTeamCountry "GER"]
[BlackTeamCountry "GER"]

1. e4 c5 2. Nc3 Nc6 3. f4 e6 4. Nf3 g6 5. g3 Bg7 6. Bg2 Nge7 7. 0-0 0-0 8. e5 d5 9. exd6 Nf5 10. d3 Qxd6 11. Kh1 Qe7 12. Qe1 Re8 13. Qf2 Rb8 14. Ne4 b6 15. g4 Nfd4 16. c3 Nxf3 17. Qxf3 Bd7 18. Be3 f5 19. Nf2 Rbc8 20. Rae1 Qf7 21. a3 e5 22. g5 c4 23. fxe5 Nxe5 24. Qb7 Bc6 25. Bxc6 Rxc6 26. Qxf7+ Kxf7 27. Bd4 Rce6 28. dxc4 Nxc4 29. Rxe6 Rxe6 30. Bxg7 Kxg7 31. Nd3 Re2 32. Rf4 Nd2 33. Rf2 Rxf2 1/2-1/2

[Event "Mittelrhein Verbandsliga-W 18/19"]
[Site "Nordrheinwestfalen"]
[Date "2018.09.02"]
[Round "1.2"]
[White "Haertel, Stephan"]
[Black "Brueggemann, Frank1111"]
[Result "1-0"]
[WhiteElo "1908"]
[BlackElo "2041"]
[PlyCount "49"]
[EventDate "2018.09.02"]
[EventType "team-tourn"]
[EventRounds "11"]
[EventCountry "GER"]
[SourceTitle "EXT 2022"]
[Source "ChessBase"]
[SourceDate "2021.10.06"]
[SourceVersion "1"]
[SourceVersionDate "2021.10.06"]
[SourceQuality "1"]
[WhiteTeam "Bergheim"]
[BlackTeam "Aachen PTSV"]
[WhiteTeamCountry "GER"]
[BlackTeamCountry "GER"]

1. e4 c5 2. d4 cxd4 3. c3 dxc3 4. Nxc3 Nc6 5. Bc4 e6 6. Nf3 Be7 7. 0-0 Qc7 8. Qe2 d6 9. Bf4 Nf6 10. e5 Nh5 11. Bg5 dxe5 12. Nb5 Qb8 13. Bxe7 Nf4 14. Qe3 Nxe7 15. Qc5 b6 16. Nc7+ Kd8 17. Qd6+ Bd7 18. Nxe5 Qxc7 19. Nxf7+ Kc8 20. Ba6+ Kb8 21. Qxe7 Re8 22. Qd6 Bc6 23. Rac1 Qxd6 24. Nxd6 Bd7 25. Nxe8 1-0

[Event "Mittelrhein Verbandsliga-W 16/17"]
[Site "Nordrheinwestfalen"]
[Date "2017.01.08"]
[Round "6.3"]
[White "Sutkovic, Damir"]
[Black "Haertel, Stephan"]
[Result "1-0"]
[WhiteElo "2347"]
[BlackElo "1884"]
[PlyCount "81"]
[EventDate "2016.09.11"]
[EventType "team-tourn"]
[EventRounds "11"]
[EventCountry "GER"]
[SourceTitle "EXT 2022"]
[Source "ChessBase"]
[SourceDate "2021.10.06"]
[SourceVersion "1"]
[SourceVersionDate "2021.10.06"]
[SourceQuality "1"]
[WhiteTeam "Alsdorf SVG"]
[BlackTeam "Bergheim"]
[WhiteTeamCountry "GER"]
[BlackTeamCountry "GER"]

1. d4 Nf6 2. c4 g6 3. Nc3 d5 4. cxd5 Nxd5 5. Bd2 Bg7 6. e4 Nxc3 7. Bxc3 0-0 8. Nf3 c5 9. d5 e6 10. Bc4 exd5 11. Bxd5 Na6 12. Rc1 Qe7 13. 0-0 Rb8 14. Re1 Bg4 15. h3 Be6 16. Qb3 Rfe8 17. Bxg7 Kxg7 18. Qc3+ Kg8 19. Ne5 f6 20. Ng4 Kg7 21. Bxe6 Qxe6 22. Qe3 Re7 23. Rcd1 b6 24. Qh6+ Kh8 25. Qf4 g5 26. Qxf6+ Qxf6 27. Nxf6 Nb4 28. Nd5 Nxd5 29. Rxd5 h6 30. f3 Kg7 31. Red1 Rc8 32. Kf2 Rcc7 33. Ke3 Kf6 34. Rd6+ Re6 35. f4 gxf4+ 36. Kxf4 Rg7 37. e5+ Ke7 38. Rd7+ Kf8 39. Rxg7 Kxg7 40. Rd7+ Kg6 41. Rxa7 1-0

[Event "Mittelrhein Verbandsliga-W 16/17"]
[Site "Nordrheinwestfalen"]
[Date "2016.12.18"]
[Round "5.3"]
[White "Haertel, Stephan"]
[Black "Schulz, Wilhelm"]
[Result "0-1"]
[WhiteElo "1884"]
[BlackElo "2006"]
[PlyCount "144"]
[EventDate "2016.09.11"]
[EventType "team-tourn"]
[EventRounds "11"]
[EventCountry "GER"]
[SourceTitle "EXT 2022"]
[Source "ChessBase"]
[SourceDate "2021.10.06"]
[SourceVersion "1"]
[SourceVersionDate "2021.10.06"]
[SourceQuality "1"]
[WhiteTeam "Bergheim"]
[BlackTeam "Horrem"]
[WhiteTeamCountry "GER"]
[BlackTeamCountry "GER"]

1. e4 c5 2. d4 cxd4 3. c3 d5 4. exd5 Qxd5 5. cxd4 Nc6 6. Nf3 Bg4 7. Nc3 Qa5 8. Be2 Nf6 9. 0-0 e6 10. Bf4 Be7 11. h3 Bh5 12. a3 0-0 13. b4 Qd8 14. Qd2 Rc8 15. Rac1 Bxf3 16. Bxf3 Qxd4 17. Rfd1 Qxd2 18. Rxd2 Rfd8 19. Rxd8+ Nxd8 20. Kf1 Kf8 21. Ke1 a5 22. Na2 Rxc1+ 23. Bxc1 axb4 24. Nxb4 Ke8 25. Bb2 Kd7 26. Kd2 Ne8 27. Nd3 f6 28. Kc2 Kc7 29. Kb3 g6 30. g4 Nd6 31. a4 N6f7 32. h4 f5 33. h5 Bd6 34. hxg6 hxg6 35. gxf5 gxf5 36. Bf6 Nc6 37. Bh5 Nfe5 38. Nxe5 Bxe5 39. Bg5 Bd4 40. f3 Kd6 41. Kc4 Bf2 42. Bc1 Ne5+ 43. Kc3 Kd5 44. f4 Bd4+ 45. Kc2 Ng4 46. Kd3 Nf2+ 47. Ke2 Ne4 48. Kd3 Nc5+ 49. Ke2 Kc4 50. Ba3 Nxa4 51. Kd2 Nc3 52. Kc2 Ne4 53. Bf7 Kd5 54. Kd3 Bc5 55. Bb2 Bd6 56. Ke3 Nc5 57. Bh5 Bxf4+ 58. Kxf4 Nd3+ 59. Ke3 Nxb2 60. Bf3+ Ke5 61. Bxb7 Nc4+ 62. Kf3 Nd6 63. Bc6 Kf6 64. Ba8 Kg5 65. Bc6 e5 66. Ke3 Kg4 67. Bf3+ Kg3 68. Bd5 f4+ 69. Ke2 e4 70. Kf1 f3 71. Bb3 e3 72. Bd1 Nc4 0-1

[Event "Goch op 27th"]
[Site "Goch"]
[Date "2016.09.03"]
[Round "5"]
[White "Browning, Alex"]
[Black "Haertel, Stephan"]
[Result "1-0"]
[WhiteElo "2100"]
[BlackElo "1985"]
[PlyCount "63"]
[EventDate "2016.09.01"]
[EventType "swiss"]
[EventRounds "7"]
[EventCountry "GER"]
[SourceTitle "EXT 2018"]
[Source "ChessBase"]
[SourceDate "2017.10.13"]
[SourceVersion "1"]
[SourceVersionDate "2017.10.13"]
[SourceQuality "1"]

1. e4 c5 2. Nf3 Nc6 3. c3 e6 4. d4 d5 5. exd5 exd5 6. Bd3 c4 7. Be2 Bd6 8. 0-0 Nge7 9. b3 cxb3 10. axb3 0-0 11. Re1 Bf5 12. Na3 a6 13. Nc2 Qc7 14. Ne3 Be4 15. h3 Rfd8 16. Bb2 Ng6 17. Nd2 Qe7 18. Nxe4 dxe4 19. Bf1 Qg5 20. Qg4 Qxg4 21. hxg4 Re8 22. g3 Rad8 23. Bg2 Bc7 24. Nc4 b5 25. Nd2 b4 26. Nxe4 bxc3 27. Bxc3 Nb8 28. Nc5 Nf8 29. Rxe8 Rxe8 30. Nxa6 Ne6 31. d5 Nxa6 32. Rxa6 1-0

[Event "Goch op 27th"]
[Site "Goch"]
[Date "2016.09.01"]
[Round "1"]
[White "Hartjes, Jenny"]
[Black "Haertel, Stephan"]
[Result "0-1"]
[WhiteElo "1502"]
[BlackElo "1985"]
[PlyCount "94"]
[EventDate "2016.09.01"]
[EventType "swiss"]
[EventRounds "7"]
[EventCountry "GER"]
[SourceTitle "EXT 2018"]
[Source "ChessBase"]
[SourceDate "2017.10.13"]
[SourceVersion "1"]
[SourceVersionDate "2017.10.13"]
[SourceQuality "1"]

1. e4 c5 2. Nf3 Nc6 3. d4 cxd4 4. Nxd4 Nf6 5. Nc3 e5 6. Nf3 Bb4 7. Bd3 d5 8. Bd2 Bxc3 9. Bxc3 dxe4 10. Bxe4 Qxd1+ 11. Rxd1 Nxe4 12. Bxe5 Nxe5 13. Nxe5 f6 14. Nd3 0-0 15. 0-0 Bf5 16. Nb4 Rfe8 17. Nd5 Re5 18. Ne3 Be6 19. a3 Rc8 20. Rfe1 g5 21. f3 Nc5 22. Rd2 Na4 23. c3 Nb6 24. Kf2 Kf7 25. Rd4 Nc4 26. Nxc4 Rxc4 27. Rxe5 fxe5 28. Rxc4 Bxc4 29. Kg3 Kf6 30. h4 h6 31. hxg5+ hxg5 32. Kf2 Kf5 33. Ke3 Ke6 34. Ke4 Bf1 35. g3 Bg2 36. Ke3 Kd5 37. b3 b5 38. f4 gxf4+ 39. gxf4 exf4+ 40. Kxf4 Be4 41. Ke3 Bc2 42. b4 Kc4 43. Kd2 Kb3 44. c4 bxc4 45. a4 Kb2 46. b5 c3+ 47. Ke3 Bxa4 0-1